000 01004nam a22002537a 4500
003 URS
005 20230302100030.0
008 230302b |||||||| |||| 00| 0 eng d
043 _aURS
100 _94069
_aElmo O. Mahupil
_eAuthor
245 _aTechbook: A Social Networking Site for URS Developers and Designers
_cElmo O. Mahupil, Roi Emerson R. Fuentes, Mark John S. Castillo, Kimberly V. Vidal, Cassandra Yvette L. Alvarez
260 _c2021
300 _axii, 166 leaves;
_c28 cm.
336 _2rdacontent
_atext
337 _2rdamedia
_aunmediated
338 _2rdacarrier
_avolume
502 _aUndergraduate Thesis
_bBachelor of Science in Information Technology
_cUniversity of Rizal System, Binangonan
_d2021
700 _94070
_aRoi Emerson R. Fuentes
_eAuthor
700 _94071
_aMark John S. Castillo
_eAuthor
700 _94072
_aKimberly V. Vidal
_eAuthor
700 _94073
_aCassandra Yvette L. Alvarez
_eAuthor
700 _92190
_aAlking P. Sunga, MSIT, LPT
_eAdviser
942 _2lcc
_cT
999 _c68361
_d68361